01293nam a2200277 a 45000010005000000030008000050050017000130080041000300350018000710400032000890410008001210820026001290900022001552450104001772600065002813000026003465000145003725040051005176510040005686510043006087100057006519420012007089990015007209520141007359520139008763869BD-RjUL20211208233808.0131221s19621960enk b 001 0 eng d a(BD-RjUL)3903 aAFUcAFUdEQOdBD-RjULbeng aeng04216a338.942bGRO 1962 aHC251b.P5 no.44510aGrowth in the British economy :ba study of economic problems and policies in contemporary Britain. aLondon :bGeorge Allen & Unwin ltd.c1960 [impression 1962]. axii, 256 p. ;c22 cm. a"...G.R. Denton, the research officer ... and Mrs S. Trench, the research assistant, who were responsible for drafting the report"- (p. vii) aIncludes bibliographical references and index. 0aEuropexEconomic conditions.912353 0aGreat BritainxEconomic policy.9123541 aPolitical and Economic Planning (Think tank).912362 2ddccBK c3869d3869 00102ddc40718NFICaRUCLbRUCLcReadingd1969-08-13eZeitlingerg30.00l0o338.942 GRO 1962r2013-12-21 00:00:00tC-1w2021-12-08yBK 00102ddc40708NFICaRUCLbRUCLcStackd1969-08-13eZeitlingerg30.00l0o338.942 GRO 1962r2016-07-26 00:00:00tC-2w2016-07-26yBK